000 00541nam a2200181 4500
003 OSt
005 20240621015311.0
006 a
008 240621b |||||||| |||| 00| 0 eng d
020 _a1561584983
040 _aDWCL-Main lib.
_cOC
082 _aCirc. 684.16 An628h 2001
100 _aAnthony, Paul
245 _aHome storage projects : creative solutions for every room in the house /
260 _aNewton, CT :
_bTaunton Press, Inc.,
_cc2001.
300 _b172 p. : ill, (some col.) ;
_c28 cm.
942 _2ddc
_n0
_cBK-CIRC
_kCirc.
999 _c1039
_d1039